| 000 | 00631nam a22002057a 4500 | ||
|---|---|---|---|
| 005 | 20210423061026.0 | ||
| 008 | 210222s1988 ||||| |||| 00| 0 eng d | ||
| 040 |
_aeng _cDLC |
||
| 041 | _aeng | ||
| 080 |
_a77 _bS-81 |
||
| 100 |
_91039 _aStanfield, L. James |
||
| 110 |
_9928 _aNational Geographic Society |
||
| 245 |
_aEye of the Beholder _b: The Photography of James L. Stanfield _c/ by: National Geographic Society |
||
| 260 |
_aWashington D.C. _bNational Geographic Society _c1988 |
||
| 300 |
_a168 p. _bill. |
||
| 365 | _b40 usd | ||
| 650 | 0 |
_9847 _aPhotography |
|
| 653 | _aფოტოგრაფია | ||
| 942 |
_2udc _cBK |
||
| 999 |
_c1616 _d1616 |
||